000 00517nam a2200181Ia 4500
999 _c28414
_d28414
003 OSt
005 20201203130041.0
008 190216s9999||||xx |||||||||||||| ||und||
020 _a9788188146345
040 _coclc
082 _a894.8124
_bNAR/U
100 _aNarendraprasad
_97173
245 0 _aUnni Pokunnu /
_cNarendraprasad
260 _bRainbow Publications,
_aThiruvananthapuram:
_c2003.
300 _a175p
650 _aLekhanam
942 _cBK
_2ddc
_h894.8124
_iNAR/U
_k894.8124
_mNAR/U